000 00834nas a2200277 4500
001 BR2014001032
003 BR-BrBNA
005 20231205123745.0
007 ta
008 230509b bl.|||p| |||| 00| 00por d
040 _aBR-BrBNA
_bpor
_cBiblioteca Nacional de Agricultura
041 _a(En)
072 _aQ52
100 1 _aJunges, D.
100 1 _aSchmidt, P.
100 1 _aNovinski, C.O.
100 1 _aDaniel, J.L.P.
245 1 _aAdditive containing homo and heterolactic bacteria on the fermentation quality of maize silage
650 _aMILHO
650 _aSILAGEM
650 _aADITIVO
650 _aFERMENTAÇÃO
773 0 _tActa Scientiarum. Animal Sciences (Brazil)
_xISSN 1806-2636
_g(Oct-Dec 2013), v. 35(4) p. 371-377
_wBR2014001032
909 _a202311
_bLúcia
_c55
_dLúcia Elande
942 _2AGRIS
_n0
_cANA
999 _c235548
_d235548